01030nam a22002291 450000100060000000300080000600500170001400800410003103500190007204000320009104100080012308200240013124501130015526000580026830000280032650000840035450000310043850400290046950502460049865100280074470000280077227468BD-RjUL20211209051146.0140325r19661928nyuabch b 000 0 eng d a(BD-RjUL)27542 aDLCcDLCdDLCdBD-RjULbeng aeng00a974.4bCOM V-2 196610aCommonwealth history of Massachusetts /c Albert Bushnell Hart.nVolume Second :pProvince of Massachusetts aNew York :bRussell & Russell,c1928 [Reprinted1966.] a592p. :bill. ;c22 cm. aHalf title: Commonwealth history of Massachusetts; colony, province, and state. a"First published in 1927." aIncludes bibliographies.0 av. 1. Colony of Massachusetts Bay, 1605 689.--v. 2. Province of Massachusetts, 1689-1775.--v. 3. Commonwealth of Massachusetts, 1775-1820.--v. 4. Nineteenth century Massachusetts, 1820-1889.--v. 5. Twentieth century Massachusetts, 1889-1930. 0aMassachusettsxHistory.1 aHart. Albert Bushnell